000 00452nam a2200157Ia 4500
008 151015s9999 xx 000 0 und d
020 _a9.7801370118e+011
050 _aQA76.73.C153D447 2008
245 _aDeitel P.J.
250 _a_Visual C#2008 How to program P.J.Deitel
260 _a3rd ed.
300 _aNew jersey Pearson Education Ltd 2009
500 _aIncludes index.
650 _a_How to program
700 _a^d20101208 04:48:28^oanne
999 _c237
_d237